Statistiques concernant Les 40 meilleurs joueurs de Premier League en 2023

Cliquez ici pour prendre le quiz!

Statistiques générales

  • Ce quiz a été pris 527 fois
  • Le résultat moyen est 26 sur 40

Statistiques - réponses

RankTeamRéponse% Correct
1Manchester CityErling Haaland
99%
2Manchester CityKevin De Bruyne
98%
5ArsenalBukayo Saka
92%
12LiverpoolMohamed Salah
92%
6TottenhamHarry Kane
91%
3Manchester CityRodri
91%
4Manchester CityBernardo Silva
90%
21TottenhamHeung-Min Son
89%
18Manchester CityEderson
88%
24Manchester CityRuben Dias
86%
8Manchester UnitedMarcus Rashford
84%
7ArsenalMartin Odegaard
84%
9West Ham/ArsenalDeclan Rice
82%
14ArsenalGabriel Jesus
80%
23Manchester CityPhil Foden
78%
10ArsenalWilliam Saliba
77%
13ArsenalGabriel Martinelli
75%
20Manchester UnitedBruno Fernandes
72%
39NewcastleAlexander Isak
67%
37LiverpoolVirgil Van Dijk
66%
19Manchester CityJulian Alvarez
64%
22Brighton/LiverpoolAlexis Mac Allister
62%
17ArsenalAaron Ramsdale
61%
34ArsenalGabriel
57%
11Manchester CityIlkay Gundogan
57%
40LiverpoolDarwin Nunez
56%
38BrightonKaoru Mitoma
55%
29ArsenalBen White
52%
27Brighton/ArsenalLéandro Trossard
50%
33Crystal PalaceMichael Olise
49%
25Aston VillaOllie Watkins
49%
15NewcastleBruno Guimaraes
48%
30ArsenalThomas Partey
46%
35Manchester UnitedCasemiro
45%
31Crystal PalaceEberechi Eze
36%
16NewcastleCallum Wilson
34%
32ArsenalGranit Xhaka
31%
28TottenhamJames Maddison
31%
26Manchester CityJeremy Doku
31%
36NewcastleSven Botman
31%

Distribution des résultats

Percentile par nombre de réponses

% des personnes avec chaque résultat

Votre développement - résultats

Vous n’avez pas pris ce quiz